[Event "CRO-ch U11"]
[Site "Trogir"]
[Date "2022.06.25"]
[Round "6"]
[White "Apostolovski, Filip"]
[Black "Domic, Vito"]
[Result "1-0"]
[WhiteElo "1233"]
[BlackElo "1307"]
[PlyCount "84"]
[EventDate "2022.06.22"]
[EventType "swiss"]
[EventRounds "9"]
[EventCountry "CRO"]
[SourceTitle "CBM 209 Extra"]
[Source "ChessBase"]
[SourceDate "2022.09.30"]
[SourceVersion "1"]
[SourceVersionDate "2022.09.30"]
[SourceQuality "1"]

1. d4 d5 2. Bf4 e6 3. e3 Nf6 4. Nf3 Bd6 5. Bg3 b6 6. Bd3 0-0 7. c3 Ba6 8. Bxa6 Nxa6 9. Bxd6 Qxd6 10. Ne5 c5 11. 0-0 Rfc8 12. Na3 Nb8 13. Rc1 Nc6 14. Nb5 Qe7 15. Nxc6 Rxc6 16. Qa4 Rcc8 17. Qc2 cxd4 18. Nxd4 a6 19. Qd3 b5 20. Rc2 Nd7 21. Rfc1 Nb6 22. b3 Rc7 23. h3 Rac8 24. Nf3 Qf6 25. Qd4 Qxd4 26. Nxd4 b4 27. cxb4 Rxc2 28. Rxc2 Rxc2 29. Nxc2 Kf8 30. Kf1 Ke7 31. Ke2 Kd6 32. Kd3 e5 33. a4 f6 34. Na3 Kc6 35. b5+ axb5 36. Nxb5 Kc5 37. Kc3 d4+ 38. exd4+ exd4+ 39. Nxd4 Nd5+ 40. Kd3 Nf4+ 41. Ke4 Nd5 42. Ne6+ Kd6 1-0

[Event "CRO-ch U11"]
[Site "Trogir"]
[Date "2022.06.24"]
[Round "5"]
[White "Domic, Vito"]
[Black "Golubovic, Erik"]
[Result "0-1"]
[WhiteElo "1307"]
[BlackElo "1506"]
[PlyCount "56"]
[EventDate "2022.06.22"]
[EventType "swiss"]
[EventRounds "9"]
[EventCountry "CRO"]
[SourceTitle "CBM 209 Extra"]
[Source "ChessBase"]
[SourceDate "2022.09.30"]
[SourceVersion "1"]
[SourceVersionDate "2022.09.30"]
[SourceQuality "1"]

1. d4 Nf6 2. Nf3 d5 3. e3 e6 4. Bd3 c5 5. b3 Nc6 6. Bb2 Bd6 7. Nbd2 0-0 8. 0-0 b6 9. Ne5 Bb7 10. f4 Rc8 11. Rf3 Nb4 12. c3 Nxd3 13. Nxd3 Ne4 14. Rc1 cxd4 15. cxd4 Ba6 16. Ne1 Bb4 17. Nxe4 dxe4 18. Rf2 Rxc1 19. Qxc1 Bxe1 20. Qxe1 Bd3 21. a3 Qd7 22. Qd1 Rc8 23. Rd2 h6 24. b4 Qd5 25. Qa1 Kh8 26. Bc3 f6 27. Rd1 Qb3 28. Rc1 Bc2 0-1